000 00505cas a22001815a 4500
001 L138869
008 070717d19871996xxkar p 0 a0eng u
035 _a(Sirsi) u138869
041 0 _aeng
245 0 4 _aThe Golden Triangle
_ban Estates Times Supplement
260 _aLondon
_bEstates Times
_c[198-?]-
362 0 _aSpring 1987-28 May 1993
554 _aOne per year
651 4 _aSouth East (England)
690 _aPROPERTY-COMMERCIAL PROPERTY
785 0 0 _tProperty Week
_x0969-7594
942 _n0
999 _c119049
_d119049